Processo civil : (Record no. 837)

MARC details
000 -LÍDER
Campo Fixo de Controle 00870nam a2200253 a 4500
001 - NÚMERO DE CONTROLE
Campo de Controle 837
003 - IDENTIFICAÇÃO DO NÚMERO DE CONTROLE
Campo de Controle BR-CuiBMT
005 - DATA E HORA DA ÚLTIMA ATUALIZAÇÃO
Campo de Controle 20231121025237.0
008 - DADOS FIXOS
Dados Fixos 230824s2023 spba 000 0 por d
020 ## - INTERNATIONAL STANDARD BOOK NUMBER
Nº do ISBN 9786555898446
040 ## - AGÊNCIA CATALOGADORA
Código da Agência Catalogadora BR-CuiBMT
Agência que transcreveu o registro BR-CuiBMT
080 ## - Nº DA CLASSIFICAÇÃO DECIMAL UNIVERSAL
Nº edição CDU 2007
Nº Class. CDU 347.91/.95
090 ## - NÚMERO DE CHAMADA
Nº classificação 347.91/.95
Cutter P963
245 00 - TÍTULO PRINCIPAL
Título principal Processo civil :
Subtítulo questões controversas /
Indicação de responsabilidade João Batista Lopes ... [et al.] coordenadores ; [autores Alexandre Araújo Costa ... et al.].
260 ## - PUBLICAÇÃO, DISTRIBUIÇÃO, ETC.
Local de publicação São Paulo :
Editora D'Plácido,
Data 2023.
300 ## - DESCRIÇÃO FÍSICA
N. páginas ou volumes 1013 p. :
Ilustrações il. ;
Dimensões 23 cm
500 ## - NOTAS GERAIS
Notas gerais Estudos em homenagem ao professor Olavo de Oliveira Neto.
500 ## - NOTAS GERAIS
Notas gerais Vários autores.
504 ## - NOTA DE BIBLIOGRAFIA, ETC.
Nota de bibliografia Inclui bibliografia.
650 ## - ASSUNTO TÓPICO
Cabeçalho tópico ou nome geográfico Direito processual civil
700 1# - ENTRADA SECUNDÁRIA -- NOME PESSOAL
Nome pessoal Lopes, João Batista
Cód. do termo explicativo et al.
-- coord.
700 1# - ENTRADA SECUNDÁRIA -- NOME PESSOAL
Nome pessoal Costa, Alexandre Araújo
Termo de relação et al.
-- autores
942 ## - ELEMENTOS DE ENTRADA ADICIONAIS (KOHA)
Fonte de classificação ou esquema de arquivamento Classificação Decimal Universal
Tipo de item do Koha Livros
Holdings
Estado: removido Estado: perdido Fonte de classificação ou esquema de arquivamento Estado: danificado Indisponível para empréstimo Localização permanente Localização atual Data de aquisição Total Checkouts Número de Chamada completo Código de barras Date last seen Número do exemplar Preço efetivo a partir de Tipo de item (Koha)
    Classificação Decimal Universal     Biblioteca da Escola Superior de Contas do TCE/MT Biblioteca da Escola Superior de Contas do TCE/MT 21/11/2023   347.91/.95 P963 BIBTCEMT23110777 21/11/2023 Ex. 1 21/11/2023 Livros

Powered by Koha